000 00322nam a2200109Ia 4500
008 180205s9999 xx 000 0 und d
020 _a9719174943
100 _aKong, Francis J.
245 _aOne day at a time :
_ba daily dose of inspiration for the man at work/book 1
260 _aPhilippines
_c2001
300 _a247 pages
999 _c354678
_d354678